000 00548nam a2200193Ia 4500
005 20250923145131.0
008 008 250917s9999 xx 000 0 eng d
037 _aTextual
040 _aDSWL
_beng
_cDSWL
041 _aeng
_2eng
084 _aY12(T4):dDx44, N67
_qDSWL
245 0 _aYouth in Ferment
_cEd.by Ramchandra Gupta
260 _aDelhi
_bSterling Publiers
_c1968
300 _aviii,195p.
365 _aINR
_b15.00
925 _g15.00
942 _cTEXL
_hY12(T4):dDx44, N67
999 _c1447547
_d1447547